000 02552nam a2200385 i 4500
001 768714001
003 CO-MdFUSB
005 20260414105057.0
007 ta
008 240924t1992 -us||||| |||| 001 0 eng d
020 _a0-310-21762-8
040 _bspa.
_aCO-MdFUSB
_cCO-MdFUSB
_dCO-MdFUSBC
_erda
041 _aspa
082 _223
_a220.601
_bT448
100 _aThiselton, Anthony C. ‎
_eautor
245 1 _aNew Horizons in Hermeneutics :
_bthe theory and practice of transforming biblical reading
_c/ Anthony C. Thiselton
264 1 _aGrand Rapids, Michigan :
_bZondervan Publishing House,
_c[1992]
264 4 _c©1992
300 _a703 páginas
_c; 24 cm
336 _2rdacontent
_atexto
_btxt
337 _2rdamedia
_asin mediación
_bn
338 _2rdacarrier
_avolumen
_bnc
500 _aIncluye índice de autores, índice de temas (incluye índice de definiciones de términos) Índice de referencias bíblicas e índice de fuentes extra bíblicas antiguas
505 _gTransformando textos: observaciones preliminares. -- ¿Qué es un texto? -- Paradigmas cambiantes de la textualidad. -- Desde la semiótica o la deconstrucción y las teorías posmodernistas de la textualidad. -Interpretación bíblica pre moderna: la hermenéutica de la tradición. -- La hermenéutica de la investigación: de la reforma a la teoría moderna. -- La hermenéutica del entendimiento de Schleiermacher. -- Paulina y otros textos a la luz de una hermenéutica del entendimiento. -- La hermenéutica de la auto involucración: de los modelos existencialistas a la teoría de los actos de habla. --La hermenéutica de la sospecha y la recuperación: la teoría hermenéutica de Paul Ricoeur. -- La hermenéutica de la teoría socio crítica: su relación con la hermenéutica socio-pragmática y con las teologías de la liberación. -- La hermenéutica de las teologías de la liberación y las teologías feministas: vertientes socio-críticas y socio-pragmáticas. -- La hermenéutica de la lectura en el contexto de la teoría literaria. -- La hermenéutica de la lectura en las teorías de la respuesta del lector sobre el significado literario. -- La hermenéutica de la teología pastoral.
563 _aRústica
650 0 _aBiblia
_916
653 _aBiblia — Hermenéutica
653 _aInterpretación bíblica
653 _aExégesis bíblica
653 _aFilosofía de la interpretación
653 _aHermenéutica teológica
942 _cBK
945 _aCatherine Arias Alvarez
999 _c70963
_d70963